Library Logo

Pioneer International University Library Catalogue

THE ILLUSTRATED ENCYCLOPEDIA OF SPACE TECHNOLOGY/ (Record no. 9941)

MARC details
000 -LEADER
fixed length control field 00444nam a22001577a 4500
003 - CONTROL NUMBER IDENTIFIER
control field OSt
005 - DATE AND TIME OF LATEST TRANSACTION
control field 20260209080634.0
008 - FIXED-LENGTH DATA ELEMENTS--GENERAL INFORMATION
fixed length control field 260209b |||||||| |||| 00| 0 eng d
020 ## - INTERNATIONAL STANDARD BOOK NUMBER
International Standard Book Number 0517542587
040 ## - CATALOGING SOURCE
Transcribing agency HARMONY BOOKS
050 ## - LIBRARY OF CONGRESS CALL NUMBER
Classification number TL 788 .I44 1981
Item number .I44 1981
245 ## - TITLE STATEMENT
Title THE ILLUSTRATED ENCYCLOPEDIA OF SPACE TECHNOLOGY/
Statement of responsibility, etc. PHILIP DE STE. CROIX
250 ## - EDITION STATEMENT
Edition statement 1st edition
260 ## - PUBLICATION, DISTRIBUTION, ETC.
Place of publication, distribution, etc. NEWYORK:
Name of publisher, distributor, etc. HARMONY BOOKS,
Date of publication, distribution, etc. 1981.
942 ## - ADDED ENTRY ELEMENTS (KOHA)
Source of classification or shelving scheme Library of Congress Classification
Koha item type Books
Suppress in OPAC No

No items available.